<?xml version="1.0" encoding="UTF-8"?><?xml-stylesheet type="text/xsl" href="static/style.xsl"?><OAI-PMH xmlns="http://www.openarchives.org/OAI/2.0/" xmlns:xsi="http://www.w3.org/2001/XMLSchema-instance" xsi:schemaLocation="http://www.openarchives.org/OAI/2.0/ http://www.openarchives.org/OAI/2.0/OAI-PMH.xsd"><responseDate>2026-07-05T19:06:06Z</responseDate><request verb="GetRecord" identifier="oai:repisalud.isciii.es:20.500.12105/4914" metadataPrefix="marc">https://repisalud.isciii.es/rest/oai/request</request><GetRecord><record><header><identifier>oai:repisalud.isciii.es:20.500.12105/4914</identifier><datestamp>2025-05-30T17:25:49Z</datestamp><setSpec>com_20.500.12105_2405</setSpec><setSpec>com_20.500.12105_2403</setSpec><setSpec>col_20.500.12105_2412</setSpec></header><metadata><record xmlns="http://www.loc.gov/MARC21/slim" xmlns:dcterms="http://purl.org/dc/terms/" xmlns:doc="http://www.lyncode.com/xoai" xmlns:xsi="http://www.w3.org/2001/XMLSchema-instance" xsi:schemaLocation="http://www.loc.gov/MARC21/slim http://www.loc.gov/standards/marcxml/schema/MARC21slim.xsd">
   <leader>00925njm 22002777a 4500</leader>
   <datafield ind2=" " ind1=" " tag="042">
      <subfield code="a">dc</subfield>
   </datafield>
   <datafield ind2=" " ind1=" " tag="720">
      <subfield code="a">Olasagasti, Jose Luis Conde</subfield>
      <subfield code="e">author</subfield>
   </datafield>
   <datafield ind2=" " ind1=" " tag="720">
      <subfield code="a">Albajara Velasco, Luis A</subfield>
      <subfield code="e">author</subfield>
   </datafield>
   <datafield ind2=" " ind1=" " tag="720">
      <subfield code="a">Imaz-Iglesia, Iñaki</subfield>
      <subfield code="e">author</subfield>
   </datafield>
   <datafield ind2=" " ind1=" " tag="720">
      <subfield code="a">Castellote, Juan Manuel</subfield>
      <subfield code="e">author</subfield>
   </datafield>
   <datafield ind2=" " ind1=" " tag="260">
      <subfield code="c">1996-07</subfield>
   </datafield>
   <datafield ind2=" " ind1=" " tag="520">
      <subfield code="a">Con el término enfermedad arterial periférica (EAP) o arteriopatía periférica designamos la patología estenosante u oclusiva de las arterias de los miembros inferiores. La etiología más frecuente de la EAP es la arteriosclerosis, que se manifiesta clínicamente mediante signos y síntomas de claudicación intermitente o más severos (isquemia crítica de la extremidad). Desde el punto de vista terapéutico, la eliminación de los factores de riesgo cardiovascular contribuye en algunos casos a la prevención e incluso a la estabilización de esta enfermedad. Sin embargo, en otros casos hay que recurrir a procedimientos intervencionistas endovasculares o a la cirugía convencional para el tratamiento de la enfermedad. Entre los procedimientos endovasculares, la angioplastia transluminal percutánea (ATP) se considera actualmente como la referencia terapéutica, pero debido a las complicaciones y fracasos de esta técnica, la aparición de las prótesis endovasculares (PEVs) ha ampliado las posibilidades de tratamiento de estos pacientes. El objetivo de este informe es establecer, de acuerdo con la evidencia científica disponible y el juicio de expertos, el nivel de seguridad, eficacia y efectividad de las prótesis endovasculares, en los pacientes con arteriopatía periférica de los miembros inferiores, comparándolo con el de la angioplastia transluminal percutánea, así como con la cirugía convencional.</subfield>
   </datafield>
   <datafield ind1="8" ind2=" " tag="024">
      <subfield code="a">Prótesis endovasculares (stents) en el tratamiento de la arteriopatía periférica de los miembros inferiores. Madrid: AETS - Instituto de Salud Carlos III; 1996</subfield>
   </datafield>
   <datafield ind1="8" ind2=" " tag="024">
      <subfield code="a">10.4321/repisalud.4914</subfield>
   </datafield>
   <datafield ind1="8" ind2=" " tag="024">
      <subfield code="a">354-96-005-0</subfield>
   </datafield>
   <datafield ind1="8" ind2=" " tag="024">
      <subfield code="a">http://hdl.handle.net/20.500.12105/4914</subfield>
   </datafield>
   <datafield ind2="0" ind1="0" tag="245">
      <subfield code="a">Prótesis endovasculares (Stents) en el tratamiento de la arteriopatía periférica de los miembros inferiores</subfield>
   </datafield>
</record></metadata></record></GetRecord></OAI-PMH>